| 000 | 00859nam a2200265 a 4500 | ||
|---|---|---|---|
| 001 | BRCA_8147 | ||
| 005 | 20190320210143.0 | ||
| 008 | 280414s1963----u--a###f##---#001-0#eng-# | ||
| 041 | _aeng | ||
| 044 | _au | ||
| 050 | 4 |
_aND553 _bS6 |
|
| 245 | 1 | 0 |
_aChardin _cCollection planned and directed by Albert Skira ; biographical and critical study by Pierre Rosenberg ; traslated from the french by Helga Harrison. |
| 260 |
_aEstados Unidos _bSkira _c1963 |
||
| 300 |
_a126 p. _bil. a color, 49 láminas _c18 cm. |
||
| 440 | 0 |
_aThe taste of our time _920301 |
|
| 500 | _aX23 | ||
| 504 | _aBibliografía 113-118 | ||
| 600 | 1 | 4 |
_aChardin, Jean Baptiste Simèon _d1699-1779 _920302 |
| 650 | 1 | 4 |
_aPintura _92498 |
| 700 | 1 |
_aSkira, Albert _920303 |
|
| 700 | 1 |
_aRosenberg, Pierre _920304 |
|
| 700 | 1 |
_aHarrison, Helga _etr. _920305 |
|
| 902 | _aGFM | ||
| 942 |
_2lcc _cB |
||
| 999 |
_c7815 _d7815 |
||